<?xml version="1.0" encoding="UTF-8"?>
<record
    xmlns:xsi="http://www.w3.org/2001/XMLSchema-instance"
    xsi:schemaLocation="http://www.loc.gov/MARC21/slim http://www.loc.gov/standards/marcxml/schema/MARC21slim.xsd"
    xmlns="http://www.loc.gov/MARC21/slim">

  <leader>00446cas a2200157   4500</leader>
  <controlfield tag="008">120222n                            eng u</controlfield>
  <datafield tag="022" ind1=" " ind2=" ">
    <subfield code="a">00328790</subfield>
  </datafield>
  <datafield tag="035" ind1=" " ind2=" ">
    <subfield code="a">(Sirsi) a175570</subfield>
  </datafield>
  <datafield tag="050" ind1=" " ind2=" ">
    <subfield code="a">PN2.P7I5</subfield>
  </datafield>
  <datafield tag="245" ind1=" " ind2=" ">
    <subfield code="a">Prism International</subfield>
  </datafield>
  <datafield tag="260" ind1=" " ind2=" ">
    <subfield code="a">Vancouver</subfield>
    <subfield code="b">Department Creative Writing</subfield>
  </datafield>
  <datafield tag="310" ind1=" " ind2=" ">
    <subfield code="a">Bi-annual</subfield>
  </datafield>
  <datafield tag="362" ind1=" " ind2=" ">
    <subfield code="a">Vol. 1, 1959 - Vol. 17, 1978</subfield>
  </datafield>
  <datafield tag="520" ind1=" " ind2=" ">
    <subfield code="a">Publishes articles on contemporary writing</subfield>
  </datafield>
  <datafield tag="650" ind1=" " ind2=" ">
    <subfield code="a">Contemporary Writing</subfield>
  </datafield>
  <datafield tag="999" ind1=" " ind2=" ">
    <subfield code="c">9334</subfield>
    <subfield code="d">9334</subfield>
  </datafield>
  <datafield tag="952" ind1=" " ind2=" ">
    <subfield code="0">0</subfield>
    <subfield code="1">0</subfield>
    <subfield code="2">lcc</subfield>
    <subfield code="4">0</subfield>
    <subfield code="7">0</subfield>
    <subfield code="a">MAIN</subfield>
    <subfield code="b">MAIN</subfield>
    <subfield code="c">SERIAL</subfield>
    <subfield code="l">0</subfield>
    <subfield code="o">PN2.P7I5</subfield>
    <subfield code="p">879011959/60</subfield>
    <subfield code="r">2019-08-12 00:00:00</subfield>
    <subfield code="t">1</subfield>
    <subfield code="w">2019-08-12</subfield>
    <subfield code="y">SERIAL</subfield>
  </datafield>
  <datafield tag="952" ind1=" " ind2=" ">
    <subfield code="0">0</subfield>
    <subfield code="1">0</subfield>
    <subfield code="2">lcc</subfield>
    <subfield code="4">0</subfield>
    <subfield code="7">0</subfield>
    <subfield code="a">MAIN</subfield>
    <subfield code="b">MAIN</subfield>
    <subfield code="c">SERIAL</subfield>
    <subfield code="l">0</subfield>
    <subfield code="o">PN2.P7I5</subfield>
    <subfield code="p">8790171978</subfield>
    <subfield code="r">2019-08-12 00:00:00</subfield>
    <subfield code="t">2</subfield>
    <subfield code="w">2019-08-12</subfield>
    <subfield code="y">SERIAL</subfield>
  </datafield>
  <datafield tag="952" ind1=" " ind2=" ">
    <subfield code="0">0</subfield>
    <subfield code="1">0</subfield>
    <subfield code="2">lcc</subfield>
    <subfield code="4">0</subfield>
    <subfield code="7">0</subfield>
    <subfield code="a">MAIN</subfield>
    <subfield code="b">MAIN</subfield>
    <subfield code="c">SERIAL</subfield>
    <subfield code="l">0</subfield>
    <subfield code="o">PN2.P7I5</subfield>
    <subfield code="p">87901711978</subfield>
    <subfield code="r">2019-08-12 00:00:00</subfield>
    <subfield code="t">3</subfield>
    <subfield code="w">2019-08-12</subfield>
    <subfield code="y">SERIAL</subfield>
  </datafield>
  <datafield tag="952" ind1=" " ind2=" ">
    <subfield code="0">0</subfield>
    <subfield code="1">0</subfield>
    <subfield code="2">lcc</subfield>
    <subfield code="4">0</subfield>
    <subfield code="7">0</subfield>
    <subfield code="a">MAIN</subfield>
    <subfield code="b">MAIN</subfield>
    <subfield code="c">SERIAL</subfield>
    <subfield code="l">0</subfield>
    <subfield code="o">PN2.P7I5</subfield>
    <subfield code="p">8790111959</subfield>
    <subfield code="r">2019-08-12 00:00:00</subfield>
    <subfield code="t">4</subfield>
    <subfield code="w">2019-08-12</subfield>
    <subfield code="y">SERIAL</subfield>
  </datafield>
  <datafield tag="952" ind1=" " ind2=" ">
    <subfield code="0">0</subfield>
    <subfield code="1">0</subfield>
    <subfield code="2">lcc</subfield>
    <subfield code="4">0</subfield>
    <subfield code="7">0</subfield>
    <subfield code="a">MAIN</subfield>
    <subfield code="b">MAIN</subfield>
    <subfield code="c">SERIAL</subfield>
    <subfield code="l">0</subfield>
    <subfield code="o">PN2.P7I5</subfield>
    <subfield code="p">8790511965</subfield>
    <subfield code="r">2019-08-12 00:00:00</subfield>
    <subfield code="t">5</subfield>
    <subfield code="w">2019-08-12</subfield>
    <subfield code="y">SERIAL</subfield>
  </datafield>
  <datafield tag="952" ind1=" " ind2=" ">
    <subfield code="0">0</subfield>
    <subfield code="1">0</subfield>
    <subfield code="2">lcc</subfield>
    <subfield code="4">0</subfield>
    <subfield code="7">0</subfield>
    <subfield code="a">MAIN</subfield>
    <subfield code="b">MAIN</subfield>
    <subfield code="c">SERIAL</subfield>
    <subfield code="l">0</subfield>
    <subfield code="o">PN2.P7I5</subfield>
    <subfield code="p">8790411964</subfield>
    <subfield code="r">2019-08-12 00:00:00</subfield>
    <subfield code="t">6</subfield>
    <subfield code="w">2019-08-12</subfield>
    <subfield code="y">SERIAL</subfield>
  </datafield>
  <datafield tag="952" ind1=" " ind2=" ">
    <subfield code="0">0</subfield>
    <subfield code="1">0</subfield>
    <subfield code="2">lcc</subfield>
    <subfield code="4">0</subfield>
    <subfield code="7">0</subfield>
    <subfield code="a">MAIN</subfield>
    <subfield code="b">MAIN</subfield>
    <subfield code="c">SERIAL</subfield>
    <subfield code="l">0</subfield>
    <subfield code="o">PN2.P7I5</subfield>
    <subfield code="p">8790311961</subfield>
    <subfield code="r">2019-08-12 00:00:00</subfield>
    <subfield code="t">7</subfield>
    <subfield code="w">2019-08-12</subfield>
    <subfield code="y">SERIAL</subfield>
  </datafield>
  <datafield tag="952" ind1=" " ind2=" ">
    <subfield code="0">0</subfield>
    <subfield code="1">0</subfield>
    <subfield code="2">lcc</subfield>
    <subfield code="4">0</subfield>
    <subfield code="7">0</subfield>
    <subfield code="a">MAIN</subfield>
    <subfield code="b">MAIN</subfield>
    <subfield code="c">SERIAL</subfield>
    <subfield code="l">0</subfield>
    <subfield code="o">PN2.P7I5</subfield>
    <subfield code="p">8790211960</subfield>
    <subfield code="r">2019-08-12 00:00:00</subfield>
    <subfield code="t">8</subfield>
    <subfield code="w">2019-08-12</subfield>
    <subfield code="y">SERIAL</subfield>
  </datafield>
</record>
